Sūtradhāra Nāthajī viracita Vāstumañjaryāntargata Prāsādamañjari. (Record no. 71069)

MARC details
000 -LEADER
fixed length control field 00981cam a22002891 4500
001 - CONTROL NUMBER
control field sa 66007290
003 - CONTROL NUMBER IDENTIFIER
control field DLC
005 - DATE AND TIME OF LATEST TRANSACTION
control field 20260227112303.0
008 - FIXED-LENGTH DATA ELEMENTS--GENERAL INFORMATION
fixed length control field 910830s1965 ii ae 000 0 sano
010 ## - LIBRARY OF CONGRESS CONTROL NUMBER
LC control number sa 66007290
035 ## - SYSTEM CONTROL NUMBER
System control number (OCoLC)24317469
040 ## - CATALOGING SOURCE
Original cataloging agency DLC
Transcribing agency WaU
Modifying agency DLC
041 0# - LANGUAGE CODE
Language code of text/sound track or separate title sanhin
042 ## - AUTHENTICATION CODE
Authentication code premarc
043 ## - GEOGRAPHIC AREA CODE
Geographic area code a-ii---
050 00 - LIBRARY OF CONGRESS CALL NUMBER
Classification number NA6002
Item number .S9 1965
100 0# - MAIN ENTRY--PERSONAL NAME
Personal name Sūtradhāra Maṇḍana,
Dates associated with a name active 16th century.
245 10 - TITLE STATEMENT
Title Sūtradhāra Nāthajī viracita Vāstumañjaryāntargata Prāsādamañjari.
Remainder of title Prasadamanjari,
Statement of responsibility, etc. by Sutradhara Nathji.
260 ## - PUBLICATION, DISTRIBUTION, ETC.
Date of publication, distribution, etc. 1965.
300 ## - PHYSICAL DESCRIPTION
Extent 34, 92 p.
Other physical details illus., plans.
Dimensions 26 cm.
500 ## - GENERAL NOTE
General note Hindi and Sanskrit; introductory matter and commentary in Hindi.
650 #0 - SUBJECT ADDED ENTRY--TOPICAL TERM
Topical term or geographic name entry element Temples
Geographic subdivision India.
650 #0 - SUBJECT ADDED ENTRY--TOPICAL TERM
Topical term or geographic name entry element Architecture
General subdivision Early works to 1800.
700 1# - ADDED ENTRY--PERSONAL NAME
Personal name Somapurā, Prabhāśaṅkara Oghaḍabhāī,
Dates associated with a name 1896-
Title of a work Suprabha.
740 0# - ADDED ENTRY--UNCONTROLLED RELATED/ANALYTICAL TITLE
Uncontrolled related/analytical title Vāstumañjaryāntargata Prāsādamañjarī.
740 0# - ADDED ENTRY--UNCONTROLLED RELATED/ANALYTICAL TITLE
Uncontrolled related/analytical title Prāsādamañjarī.

No items available.

Powered by Koha